000 01206nam0a22002891 4500
001 rc\158788
005 20050514083116.9
035 _a(NLR Aleph) 008751285
090 _a7808890
_c7808890
100 _a20030307d1991 u |0rusy50 ca
101 0 _arus
102 _aRU
105 _aa |||||||||
200 1 _aМЕТОДЫ исследований в библиотечной теории и практике
_e[Сб. ст.
_fНауч. ред. д. п. н. В.С. Крейденко]
210 _aЛ.
_cЛГИК
_d1991
215 _a114 с.
_cсхем.
_d21
225 1 _aСборник научных трудов
_fЛенингр. гос. ин-т культуры им. Н.К. Крупской
_vТ. 126
300 _aВ надзаг. также: М-во культуры РСФСР
320 _aБиблиогр. в конце ст.
606 1 _aБиблиотечное дело
_xМетоды исследования
_jСборники
_2nlr_sh1
702 1 _aКрейденко
_bВ. С.
_f1930-
_gВладимир Семенович
_4340
801 0 _aRU
_bNLR
_gpsbo
801 1 _aRU
_bELAR
_2rusmarc
801 2 _aRU
_bNLR
_c20050514
_2rusmarc
852 _aNLR
_bБ
_jП186/
942 _cBOOK
980 _aNB